000 00807cam a22002653a 4500
001 7762
003 PGUSA
005 20140828083148.0
008 050301s2005||||xxu|||||s|||||000 d eng d
040 _aPGUSA
_beng
042 _adc
050 4 _aPT
100 1 _aHamsun, Knut,
_d1859-1952
245 1 0 _aWanderers
_h[electronic resource] /
_cKnut Hamsun
260 _bProject Gutenberg,
_c2005
505 0 _aUnder the autumn star -- A wanderer plays on muted strings.
506 _aPublic domain in the USA.
516 _aElectronic text
653 _aNorway -- Fiction
700 1 _aWorster, W. J. Alexander
_q(William John Alexander),
_d1882-1929
740 0 _aUnder hølststjaernen. English
830 0 _aProject Gutenberg
_v7762
856 4 0 _uhttp://www.gutenberg.org/ebooks/7762
942 _cEB
999 _c237062
_d237062